Statistiques concernant Les featurings d'L2B Gang

Cliquez ici pour prendre le quiz!

Statistiques générales

  • Ce quiz a été pris 36 fois
    (24 depuis la dernière actualisation)
  • Le résultat moyen est 8 sur 15

Statistiques - réponses

DépartementArtisteSons% Correct
75FranglishDans La Chambre / Money (2023)
95%
92SDMBitume (2022)
95%
94RskoAmis d'enfance (2022), Compète (2022), Pour toi (2023)
84%
91Koba LaDEn Vérité (2023), 2004 (2023)
79%
77UziCité D'Or (2023)
63%
75LetoRéflexes (2023)
58%
UnknownLa Mano 1.9Hors la loi (2024)
42%
UnknownBrkShooter #3 (2022), PROBLÈMES (2022)
37%
UnknownKanyElle & Moi (2022)
37%
UnknownPilaxÀ La Maison (2023)
37%
93PrototypeSnake #5 (2020)
37%
UnknownSLKTout est noir (2022)
37%
91Bramsitofais Le (2022)
32%
Unknown34A94BX (2019)
11%
UnknownB.IKilogrammes (2022)
11%

Distribution des résultats

Percentile par nombre de réponses

% des personnes avec chaque résultat

Votre développement - résultats

Vous n’avez pas pris ce quiz depuis la dernière actualisation